[Event "22nd Honor to National Resistance"]
[Site "Nikaia"]
[Date "2014.08.30"]
[Round "6.8"]
[White "Siamidis, Dimitrios"]
[Black "Koutoukidis, Panagiotis"]
[Result "1/2-1/2"]
[WhiteElo "2065"]
[BlackElo "2190"]
[PlyCount "101"]
[EventDate "2014.08.26"]

1. Nf3 c5 2. b3 Nc6 3. Bb2 d5 4. e3 e6 5. Bb5 Nf6 6. Bxc6+ bxc6 7. Ne5 Bd6 8.
f4 Qc7 9. O-O O-O 10. d3 Nd7 11. Nxd7 Bxd7 12. Nd2 e5 13. fxe5 Bxe5 14. Bxe5
Qxe5 15. e4 Qc3 16. h3 Be6 17. Rf3 Rfd8 18. Kh1 a5 19. a4 Rab8 20. Rc1 Rb4 21.
Qe1 Rbb8 22. Rg3 Qb4 23. c3 Qa3 24. exd5 cxd5 25. Ra1 Qb2 26. Qc1 Qxc1+ 27.
Rxc1 Bf5 28. Re1 Rd7 29. Rge3 Be6 30. Re5 g6 31. Kh2 Kg7 32. R1e2 Rbb7 33. g4
h6 34. Kg3 Rd8 35. Kg2 Rdb8 36. Kg3 Kf6 37. c4 Rd8 38. R5e3 Kg7 39. Re5 Rbd7
40. Nf3 Rh8 41. R2e3 Rb8 42. Nd2 dxc4 43. bxc4 Rbd8 44. Nb3 Rxd3 45. Nxa5 Rxe3+
46. Rxe3 Ra8 47. Nb7 Rxa4 48. Nxc5 Rxc4 49. Nxe6+ fxe6 50. Rxe6 Rc3+ 51. Kg2
1/2-1/2

[Event "22nd Honor to National Resistance"]
[Site "Nikaia"]
[Date "2014.08.30"]
[Round "6.9"]
[White "Nikolaidou, Eleni"]
[Black "Sirigos, Nikolaos"]
[Result "0-1"]
[WhiteElo "1825"]
[BlackElo "2256"]
[PlyCount "107"]
[EventDate "2014.08.26"]

1. e4 d5 2. exd5 Qxd5 3. Nc3 Qd8 4. d4 c6 5. h3 Nf6 6. Nf3 g6 7. Bc4 Bg7 8. Bf4
O-O 9. a4 Nd5 10. Nxd5 cxd5 11. Bb3 Nc6 12. c3 Bf5 13. O-O Na5 14. Ba2 Rc8 15.
g4 Bd7 16. Be5 f6 17. Bg3 Be6 18. Qe2 Bf7 19. Ne1 Re8 20. f4 Qd7 21. Nd3 b6 22.
Qf3 Nc4 23. Bxc4 dxc4 24. Nb4 a5 25. Nc2 Bd5 26. Qe2 Bb7 27. Rae1 e6 28. Ne3
Qxa4 29. h4 Qc6 30. Kh2 b5 31. h5 b4 32. Bh4 Qb5 33. Qf2 Kf7 34. f5 exf5 35.
gxf5 g5 36. Bg3 Re4 37. d5 Bf8 38. Qc2 Rce8 39. Qd2 Bc5 40. Nc2 b3 41. Rxe4
Rxe4 42. Ne1 Be3 43. Qd1 Qxd5 44. Qxd5+ Bxd5 45. Ng2 Bc5 46. Rd1 Bc6 47. Bd6
Bb6 48. Rd2 Re8 49. Bg3 Bc5 50. Bf2 Bxf2 51. Rxf2 Bd7 52. Kg3 Re5 53. Kg4 a4
54. Rf1 0-1

[Event "22nd Honor to National Resistance"]
[Site "Nikaia"]
[Date "2014.08.30"]
[Round "6.10"]
[White "Kouvatsos, Filippos"]
[Black "Pandelidis, Ioannis"]
[Result "1/2-1/2"]
[WhiteElo "2157"]
[BlackElo "2070"]
[PlyCount "57"]
[EventDate "2014.08.26"]

1. d4 d5 2. c4 e6 3. Nc3 c5 4. e3 Nf6 5. Nf3 Nc6 6. cxd5 exd5 7. Be2 Be7 8. O-O
O-O 9. b3 Bg4 10. dxc5 Bxc5 11. Na4 Be7 12. Bb2 Ne4 13. Nd4 Bd7 14. Nxc6 Bxc6
15. Nc3 Qa5 16. Nxe4 dxe4 17. Bc4 Rad8 18. Qg4 Qg5 19. Qxg5 Bxg5 20. Rfd1 Rxd1+
21. Rxd1 Rd8 22. Rxd8+ Bxd8 23. a4 Ba5 24. Bd4 a6 25. Bc5 b5 26. axb5 axb5 27.
Be2 Bc3 28. b4 f5 29. Bd4 1/2-1/2

[Event "22nd Honor to National Resistance"]
[Site "Nikaia"]
[Date "2014.08.30"]
[Round "6.11"]
[White "Tsiros, Fragkiskos Vlasios"]
[Black "Ornithopoulos, Nikolaos"]
[Result "1/2-1/2"]
[WhiteElo "2108"]
[BlackElo "1960"]
[PlyCount "51"]
[EventDate "2014.08.26"]

1. e4 c5 2. Nf3 Nc6 3. Bb5 g6 4. Bxc6 bxc6 5. O-O Bg7 6. Re1 e5 7. c3 Ne7 8. d3
O-O 9. Be3 d6 10. h3 Rb8 11. d4 exd4 12. cxd4 d5 13. Nc3 Rxb2 14. exd5 Nxd5 15.
Nxd5 Qxd5 16. dxc5 Qxd1 17. Raxd1 Be6 18. Bd4 Rxa2 19. Bxg7 Kxg7 20. Ra1 Rb8
21. Nd4 Rxa1 22. Rxa1 Bd5 23. Ra6 Rb1+ 24. Kh2 Rc1 25. Nxc6 Rxc5 26. Nb4
1/2-1/2

[Event "22nd Honor to National Resistance"]
[Site "Nikaia"]
[Date "2014.08.30"]
[Round "6.12"]
[White "Sidiropoulos, Nikolaos"]
[Black "Skaperdas, Kostantinos"]
[Result "1/2-1/2"]
[WhiteElo "1923"]
[BlackElo "2102"]
[PlyCount "73"]
[EventDate "2014.08.26"]

1. e4 e6 2. d4 d5 3. e5 c5 4. Qg4 Nc6 5. Nf3 Qa5+ 6. Nbd2 Nh6 7. Qf4 Nb4 8. Kd1
c4 9. a3 Nc6 10. Rb1 b5 11. b3 Bd7 12. g4 Be7 13. g5 Nf5 14. Bh3 O-O 15. Bxf5
exf5 16. h4 Be6 17. g6 h6 18. gxf7+ Bxf7 19. Rg1 Kh8 20. Qxf5 Nd8 21. Nf1 Qa6
22. Qg4 Rg8 23. Ng3 Qg6 24. Qxg6 Bxg6 25. h5 Bh7 26. bxc4 bxc4 27. Ne2 Ne6 28.
Rb7 Rae8 29. Rxa7 Rgf8 30. Rg3 Be4 31. Neg1 c3 32. Ra6 Bd8 33. Rc6 Ba5 34. Ra6
Bc7 35. Rc6 Ba5 36. Ra6 Bc7 37. Rc6 1/2-1/2

[Event "22nd Honor to National Resistance"]
[Site "Nikaia"]
[Date "2014.08.30"]
[Round "6.13"]
[White "Pappelis, Dimitrios"]
[Black "Tsekouras, Vasilios"]
[Result "1-0"]
[WhiteElo "2073"]
[BlackElo "1900"]
[PlyCount "59"]
[EventDate "2014.08.26"]

1. c4 b6 2. Nf3 Bb7 3. g3 g6 4. Bg2 Bg7 5. d4 Nf6 6. Nc3 O-O 7. O-O d6 8. d5 e5
9. e4 Bc8 10. Ne1 Ne8 11. Nd3 f5 12. f4 Nd7 13. exf5 Rxf5 14. Bh3 Rf8 15. Be6+
Kh8 16. Ne4 Nc5 17. Ndxc5 bxc5 18. Ng5 Qe7 19. fxe5 Rxf1+ 20. Qxf1 Bxe6 21.
Nxe6 Bxe5 22. Bg5 Bf6 23. Re1 Bxg5 24. Nxg5 Qg7 25. Ne6 Qg8 26. Qf3 h6 27. Qc3+
Kh7 28. Nxc7 Rb8 29. Re7+ Ng7 30. Ne6 1-0

[Event "22nd Honor to National Resistance"]
[Site "Nikaia"]
[Date "2014.08.30"]
[Round "6.14"]
[White "Korlotsidis, Spiridon"]
[Black "Mitsis, Georgios"]
[Result "1-0"]
[WhiteElo "2048"]
[BlackElo "1897"]
[PlyCount "53"]
[EventDate "2014.08.26"]

1. e4 e6 2. d3 c5 3. g3 Nc6 4. Bg2 Nge7 5. Ne2 g6 6. O-O Bg7 7. c3 d6 8. Be3 e5
9. d4 exd4 10. cxd4 Qb6 11. dxc5 dxc5 12. Nbc3 Nd4 13. Na4 Qb5 14. Nxd4 cxd4
15. Bxd4 Bg4 16. Qxg4 Bxd4 17. Qd1 Rd8 18. Qc2 Rc8 19. Nc3 Qe5 20. Qa4+ Kf8 21.
Rad1 Bxc3 22. bxc3 Qxc3 23. Qxa7 Rc7 24. Rc1 Qxc1 25. Rxc1 Rxc1+ 26. Bf1 Nc6
27. Qa3+ 1-0

[Event "22nd Honor to National Resistance"]
[Site "Nikaia"]
[Date "2014.08.30"]
[Round "6.15"]
[White "Kalodoukas, Odysseas"]
[Black "Liodakis, Konstantinos-Spyros"]
[Result "0-1"]
[WhiteElo "1918"]
[BlackElo "2170"]
[PlyCount "110"]
[EventDate "2014.08.26"]

1. d4 d5 2. c4 e5 3. dxe5 d4 4. Nf3 Nc6 5. a3 Bg4 6. Nbd2 Qe7 7. g3 Nxe5 8.
Nxe5 Qxe5 9. Bg2 O-O-O 10. Nf3 Qe6 11. O-O Bxf3 12. Bxf3 h5 13. Qa4 Kb8 14. Qb5
Qb6 15. Qxb6 axb6 16. b4 Ne7 17. Rd1 Kc8 18. e3 Nf5 19. exd4 Nxd4 20. Bd5 Nc6
21. Bb2 Rd7 22. Be4 Rxd1+ 23. Rxd1 Ne7 24. h4 Rh6 25. Bf3 f6 26. Bc1 Rh8 27.
Kf1 g6 28. Re1 Rh7 29. Bb2 Rf7 30. Re6 Bg7 31. Ke2 Kd7 32. Re3 c6 33. Kd2 Bh6
34. Ke2 Bxe3 35. Kxe3 f5 36. Kf4 Ke6 37. Bd1 Rf8 38. Bc3 Ra8 39. a4 Rd8 40. Bc2
c5 41. b5 Nc8 42. Kg5 Kf7 43. Kf4 Nd6 44. f3 Ne8 45. g4 fxg4 46. fxg4 hxg4 47.
Kxg4 Ng7 48. Be4 Ne6 49. Bd5 Ke7 50. a5 bxa5 51. Bxa5 Rd7 52. h5 gxh5+ 53. Kf5
Nd4+ 54. Kg5 Rxd5+ 55. cxd5 Nxb5 0-1

[Event "22nd Honor to National Resistance"]
[Site "Nikaia"]
[Date "2014.08.30"]
[Round "6.16"]
[White "Koutsogiannis, Efthymios"]
[Black "Kalogridakis, Georgios"]
[Result "0-1"]
[WhiteElo "1920"]
[BlackElo "2114"]
[PlyCount "54"]
[EventDate "2014.08.26"]

1. e4 c5 2. c3 d5 3. exd5 Qxd5 4. d4 Nf6 5. Nf3 Bg4 6. Be2 e6 7. Be3 cxd4 8.
Bxd4 Nc6 9. Qa4 e5 10. Be3 Bc5 11. Bxc5 Qxc5 12. Nbd2 O-O 13. Ne4 Nxe4 14. Qxe4
Bh5 15. O-O Bg6 16. Qc4 Qe7 17. Rad1 Rad8 18. Rfe1 Rfe8 19. Qb3 e4 20. Bb5 Rxd1
21. Qxd1 Rd8 22. Qa4 Qd6 23. Bxc6 bxc6 24. Nh4 Qd2 25. Kf1 e3 26. Rxe3 Bd3+ 27.
Rxd3 Qxd3+ 0-1

[Event "22nd Honor to National Resistance"]
[Site "Nikaia"]
[Date "2014.08.30"]
[Round "6.17"]
[White "Makkas, Panayiotis"]
[Black "Balokas, Dimitrios"]
[Result "1/2-1/2"]
[WhiteElo "1894"]
[BlackElo "2042"]
[PlyCount "73"]
[EventDate "2014.08.26"]

1. c4 Nf6 2. Nc3 e5 3. e3 Bb4 4. Nd5 Nxd5 5. cxd5 O-O 6. a3 Ba5 7. b4 Bb6 8.
Bb2 d6 9. d4 e4 10. h4 a5 11. Ne2 Bg4 12. Qc2 Bxe2 13. Bxe2 axb4 14. axb4 Rxa1+
15. Bxa1 f5 16. g3 Nd7 17. g4 fxg4 18. Qxe4 Nf6 19. Qe6+ Kh8 20. Bxg4 Qa8 21.
O-O Nxg4 22. Qxg4 Qa4 23. Bc3 Qb3 24. Be1 Qxd5 25. Qg2 Qh5 26. f4 Rf6 27. Qxb7
h6 28. Qf3 Qe8 29. Bd2 Qe7 30. Be1 c5 31. bxc5 dxc5 32. dxc5 Bxc5 33. Bf2 Rg6+
34. Kh2 Re6 35. Re1 Re4 36. Kh3 Bb6 37. Qg3 1/2-1/2

[Event "22nd Honor to National Resistance"]
[Site "Nikaia"]
[Date "2014.08.30"]
[Round "6.19"]
[White "Markesinis, Eleftherios"]
[Black "Ladas, Dimitrios"]
[Result "1-0"]
[WhiteElo "2029"]
[BlackElo "1881"]
[PlyCount "71"]
[EventDate "2014.08.26"]

1. d4 d5 2. c4 e6 3. Nf3 Nf6 4. g3 Be7 5. Bg2 O-O 6. O-O b6 7. cxd5 Nxd5 8. e4
Nf6 9. Nc3 Bb7 10. Re1 Bb4 11. Bg5 h6 12. Bxf6 Qxf6 13. Qb3 Bxc3 14. bxc3 Nd7
15. e5 Qe7 16. a4 c5 17. a5 cxd4 18. cxd4 Bd5 19. Qe3 b5 20. Nd2 Bxg2 21. Kxg2
Nb8 22. Rec1 Na6 23. Ne4 Nb4 24. Rc5 Nd5 25. Qc1 a6 26. Nd6 Rfd8 27. Rc6 Ra7
28. Nc8 Rxc8 29. Rxc8+ Kh7 30. Qc2+ g6 31. h4 h5 32. Qc5 Qxc5 33. dxc5 Kg7 34.
c6 Rc7 35. Rxc7 Nxc7 36. Rd1 1-0

[Event "22nd Honor to National Resistance"]
[Site "Nikaia"]
[Date "2014.08.30"]
[Round "6.20"]
[White "Alexiadis, Hristos"]
[Black "Tzounakas, Vasilios"]
[Result "1-0"]
[WhiteElo "2020"]
[BlackElo "1878"]
[PlyCount "97"]
[EventDate "2014.08.26"]

1. e4 d6 2. d4 g6 3. Nc3 Bg7 4. Bg5 Nf6 5. Qd2 O-O 6. O-O-O c6 7. f4 b5 8. e5
b4 9. exf6 bxc3 10. Qxc3 exf6 11. Bh4 Be6 12. Bc4 Qc7 13. Re1 Bxc4 14. Qxc4 d5
15. Qf1 Qa5 16. a3 Nd7 17. Re7 Nb6 18. Be1 Qa4 19. Bb4 Rfe8 20. Rxe8+ Rxe8 21.
Nh3 Bf8 22. b3 Qb5 23. Qxb5 cxb5 24. Bxf8 Kxf8 25. Kd2 a5 26. Nf2 Re6 27. Re1
Ke7 28. Nd3 Re4 29. Nc5 Rxe1 30. Kxe1 Nc8 31. Nb7 a4 32. Nc5 Nd6 33. bxa4 bxa4
34. Nxa4 Nb5 35. Nb6 Nxa3 36. Nxd5+ Kd6 37. Ne3 Nb5 38. d5 g5 39. c4 Nd4 40. g3
h5 41. Kd2 gxf4 42. gxf4 Nf3+ 43. Ke2 Nxh2 44. Kf2 Ng4+ 45. Nxg4 hxg4 46. f5
Ke5 47. Kg3 Kxf5 48. c5 Ke5 49. c6 1-0

[Event "22nd Honor to National Resistance"]
[Site "Nikaia"]
[Date "2014.08.30"]
[Round "6.21"]
[White "Nikoleris, Evangelos"]
[Black "Tsomis, Dimitrios"]
[Result "1/2-1/2"]
[WhiteElo "1887"]
[BlackElo "1987"]
[PlyCount "61"]
[EventDate "2014.08.26"]

1. e4 c5 2. c3 Nf6 3. e5 Nd5 4. d4 cxd4 5. Nf3 e6 6. cxd4 Nc6 7. a3 d6 8. Bd3
dxe5 9. dxe5 b6 10. O-O Bb7 11. Qe2 Be7 12. Bd2 h6 13. b4 Bg5 14. Nc3 Bxd2 15.
Qxd2 Nxc3 16. Qxc3 Rc8 17. Rfd1 Qe7 18. Qb2 O-O 19. Be4 Rfd8 20. Qe2 Nb8 21. h3
Rxd1+ 22. Rxd1 Bxe4 23. Qxe4 Qc7 24. Qd3 g6 25. b5 Kg7 26. Qd6 Qc3 27. Qe7 Qc7
28. Qf6+ Kg8 29. Qf4 Kg7 30. Qf6+ Kg8 31. Qf4 1/2-1/2

[Event "22nd Honor to National Resistance"]
[Site "Nikaia"]
[Date "2014.08.30"]
[Round "6.22"]
[White "Katopodis, Dimitrios"]
[Black "Vazelakis, Dimitrios"]
[Result "1/2-1/2"]
[WhiteElo "1780"]
[BlackElo "1985"]
[PlyCount "76"]
[EventDate "2014.08.26"]

1. d4 g6 2. Nf3 Bg7 3. c4 d6 4. Nc3 e5 5. e4 Nd7 6. h3 Ngf6 7. d5 Nc5 8. Qc2 a5
9. Bg5 h6 10. Be3 c6 11. g4 cxd5 12. cxd5 O-O 13. Be2 Ne8 14. Nd2 Nc7 15. h4 b5
16. h5 g5 17. f3 Bd7 18. a4 Rb8 19. Bxc5 dxc5 20. axb5 Ne8 21. Nc4 Bxb5 22.
Nxa5 Bd7 23. Kf2 Nd6 24. Nc4 Nxc4 25. Bxc4 Qf6 26. Kg2 Qf4 27. Ne2 Qf6 28. Ra6
Rb6 29. Rha1 Rfb8 30. b3 Qd8 31. Nc1 Qc8 32. Nd3 Bxg4 33. fxg4 Qxg4+ 34. Kf2
Rxa6 35. Rxa6 Qxe4 36. Qe2 Qh4+ 37. Kg2 e4 38. Nxc5 Be5 1/2-1/2

[Event "22nd Honor to National Resistance"]
[Site "Nikaia"]
[Date "2014.08.30"]
[Round "6.23"]
[White "Alexakis, Georgios"]
[Black "Kouskoutis, Georgios-Alexandros"]
[Result "0-1"]
[WhiteElo "1802"]
[BlackElo "1981"]
[PlyCount "166"]
[EventDate "2014.08.26"]

1. e4 c5 2. Nf3 e6 3. d4 cxd4 4. Nxd4 Nc6 5. Nc3 Qc7 6. Be2 a6 7. f4 b5 8. Nxc6
Qxc6 9. Bf3 Bb7 10. Be3 Rc8 11. O-O Bc5 12. Bf2 d6 13. Rc1 Ne7 14. Ne2 e5 15.
Qe1 O-O 16. Bxc5 Qxc5+ 17. Qf2 Ng6 18. Qxc5 Rxc5 19. Rfd1 Rd8 20. Rd2 Nxf4 21.
Nxf4 exf4 22. Rcd1 Kf8 23. c3 Ke7 24. Rd4 g5 25. Kf2 Bc8 26. h3 Be6 27. a3 Rc4
28. R4d3 f6 29. Re1 Bf7 30. Bg4 Bg6 31. Bf5 Rc5 32. Bxg6 hxg6 33. Kf3 Re5 34.
Red1 Ke6 35. Rd5 Rd7 36. R1d3 Rxd5 37. Rxd5 Rc7 38. Rd1 Rc5 39. Ra1 Rc4 40. Rd1
a5 41. Rd5 Rc5 42. Rd4 d5 43. a4 bxa4 44. Rxa4 f5 45. exf5+ gxf5 46. h4 gxh4
47. Ra1 Kf6 48. Kxf4 Rc4+ 49. Kf3 a4 50. Ra3 Kg5 51. Kf2 f4 52. Ra1 Kg4 53. Rd1
Rc5 54. Rd4 Rb5 55. Rd2 Rb3 56. Rc2 Kf5 57. Rd2 Ke4 58. Rd4+ Ke5 59. Rd2 a3 60.
bxa3 Rxc3 61. Ra2 d4 62. Re2+ Kd5 63. Re8 Rxa3 64. Rh8 d3 65. Rxh4 Ke4 66. Rh8
Ra2+ 67. Ke1 Rxg2 68. Re8+ Kf3 69. Rd8 d2+ 70. Kd1 Rh2 71. Re8 Kg3 72. Rg8+ Kf2
73. Kxd2 Rh7 74. Rd8 Re7 75. Rd6 f3 76. Rd8 Kg1 77. Rg8+ Kf1 78. Rg6 f2 79. Rg8
Rd7+ 80. Kc1 Rd4 81. Rg6 Ke2 82. Re6+ Kf3 83. Rf6+ Rf4 0-1

[Event "22nd Honor to National Resistance"]
[Site "Nikaia"]
[Date "2014.08.30"]
[Round "6.24"]
[White "Routsi, Efthimios-Alexandro"]
[Black "Fessas, Prokopios"]
[Result "0-1"]
[WhiteElo "1587"]
[BlackElo "1981"]
[PlyCount "110"]
[EventDate "2014.08.26"]

1. e4 c6 2. d4 d5 3. exd5 cxd5 4. Nf3 Nc6 5. c3 Qc7 6. Bd3 Bg4 7. Be3 e6 8.
Nbd2 Nf6 9. Qc2 Be7 10. h3 Bh5 11. O-O Bg6 12. Rac1 Bxd3 13. Qxd3 O-O 14. Rfe1
Rab8 15. Ne5 Nxe5 16. dxe5 Nd7 17. Bd4 Bg5 18. Rcd1 Bxd2 19. Qxd2 b5 20. Qe3 a5
21. Rc1 Nb6 22. Bxb6 Rxb6 23. b3 Rc8 24. Re2 Rc6 25. Rec2 Qd8 26. Qd4 Rc5 27.
f4 g6 28. g3 Qc7 29. Kf2 Rd8 30. Rd1 Rc8 31. Rdc1 Rc6 32. Ke2 a4 33. h4 h5 34.
Kf2 Qa5 35. Kf1 axb3 36. axb3 Qa3 37. Rb1 b4 38. c4 dxc4 39. bxc4 Qxg3 40. Rxb4
Qh3+ 41. Rg2 Qxh4 42. Qe4 Kg7 43. Rb7 R8c7 44. Rxg6+ fxg6 45. Qxc6 Qxf4+ 46.
Kg2 Rxb7 47. Qxb7+ Kh6 48. Qd7 h4 49. c5 Qg3+ 50. Kf1 Qf3+ 51. Ke1 h3 52. Qe7
Qg3+ 53. Kf1 h2 54. Qf8+ Kh5 55. Qh8+ Kg4 0-1

[Event "22nd Honor to National Resistance"]
[Site "Nikaia"]
[Date "2014.08.30"]
[Round "6.25"]
[White "Mourogiannis, Konstantinos"]
[Black "Grigoriadis, Mihail"]
[Result "0-1"]
[WhiteElo "1578"]
[BlackElo "1981"]
[PlyCount "66"]
[EventDate "2014.08.26"]

1. Nf3 Nf6 2. g3 d5 3. Bg2 c5 4. O-O Nc6 5. d4 e6 6. c4 cxd4 7. Nxd4 Bc5 8.
Nxc6 bxc6 9. Bg5 h6 10. Bxf6 Qxf6 11. Nc3 Rb8 12. Qc2 Bd4 13. Rad1 O-O 14. cxd5
cxd5 15. Qa4 Bc5 16. Rc1 Qe7 17. Rc2 Bd7 18. Qf4 f5 19. Qd2 d4 20. Nb1 e5 21.
Rfc1 Bb6 22. Bc6 f4 23. Bxd7 Qxd7 24. Rc6 fxg3 25. hxg3 e4 26. R1c4 Rxf2 27.
Rxb6 Rf1+ 28. Kxf1 Qh3+ 29. Kg1 Qxg3+ 30. Kh1 Qh3+ 31. Kg1 Rxb6 32. Qxd4 Rg6+
33. Kf2 e3+ 0-1

[Event "22nd Honor to National Resistance"]
[Site "Nikaia"]
[Date "2014.08.30"]
[Round "6.26"]
[White "Giannoulakis, Labros"]
[Black "Spyropoulos, Nikolaos"]
[Result "1-0"]
[WhiteElo "1970"]
[BlackElo "1594"]
[PlyCount "113"]
[EventDate "2014.08.26"]

1. d4 Nf6 2. c4 e6 3. Nc3 Bb4 4. e3 b6 5. Bd3 Bb7 6. Nf3 O-O 7. O-O Bxc3 8.
bxc3 d6 9. Re1 Nbd7 10. e4 e5 11. Bg5 Re8 12. Nd2 h6 13. Bh4 Nf8 14. f3 Ng6 15.
Bf2 Nh5 16. g3 Nf6 17. Nf1 Bc8 18. Ne3 Ne7 19. c5 Nd7 20. cxd6 cxd6 21. a4 a6
22. Qb3 Qc7 23. Rad1 Bb7 24. Rb1 Rab8 25. Nc4 Bc8 26. Qb4 d5 27. Nd6 Rf8 28.
Nxc8 Nxc8 29. exd5 a5 30. Qc4 Qxc4 31. Bxc4 exd4 32. Bxd4 Nd6 33. Bb5 Nxb5 34.
Rxb5 Rfc8 35. Kf2 Kf8 36. Ke3 Re8+ 37. Kd2 Rxe1 38. Kxe1 f6 39. Kd2 Ke7 40. Kd3
Kd6 41. c4 Rc8 42. f4 Kc7 43. Rb2 Re8 44. Re2 Rxe2 45. Kxe2 Kd6 46. Kd3 g6 47.
g4 f5 48. gxf5 gxf5 49. Kc3 Ke7 50. Be3 Kd6 51. Bc1 Kc7 52. Ba3 h5 53. Kd4 Kc8
54. d6 Nf8 55. Ke5 Kd7 56. Kxf5 Ne6 57. Ke5 1-0

[Event "22nd Honor to National Resistance"]
[Site "Nikaia"]
[Date "2014.08.30"]
[Round "6.28"]
[White "Hrisafis, Argirios"]
[Black "Kalogridakis, Theodoros"]
[Result "1/2-1/2"]
[WhiteElo "1938"]
[BlackElo "1843"]
[PlyCount "55"]
[EventDate "2014.08.26"]

1. d4 Nf6 2. c4 e6 3. Nf3 b6 4. Bg5 Bb4+ 5. Nbd2 Bb7 6. e3 h6 7. Bxf6 Qxf6 8.
Be2 O-O 9. O-O d5 10. Ne5 Bd6 11. f4 Qe7 12. Bf3 Nd7 13. Rc1 Nf6 14. Qc2 c5 15.
cxd5 Nxd5 16. Ndc4 cxd4 17. Bxd5 Bxd5 18. Nxd6 Qxd6 19. exd4 Rac8 20. Qxc8 Rxc8
21. Rxc8+ Kh7 22. Nxf7 Qb4 23. Rh8+ Kg6 24. Ne5+ Kh5 25. Rg8 Qxd4+ 26. Rf2 Qd1+
27. Rf1 Qd4+ 28. Rf2 1/2-1/2

[Event "22nd Honor to National Resistance"]
[Site "Nikaia"]
[Date "2014.08.30"]
[Round "6.29"]
[White "Bouboulis, Spyridon-Odysseys"]
[Black "Theotokatos, Dionisis"]
[Result "1-0"]
[WhiteElo "1801"]
[BlackElo "2086"]
[PlyCount "57"]
[EventDate "2014.08.26"]

1. d4 Nf6 2. Nf3 g6 3. Bg5 Bg7 4. Nbd2 d5 5. e3 O-O 6. Bd3 b6 7. O-O Bb7 8. Re1
Ne4 9. Bh4 Nd7 10. c3 Qe8 11. Qc2 f5 12. c4 c6 13. Rac1 e6 14. b4 h6 15. Bg3
Nxg3 16. hxg3 Qf7 17. cxd5 exd5 18. e4 c5 19. e5 Qe7 20. bxc5 bxc5 21. dxc5
Rac8 22. Nb3 Rxc5 23. Nxc5 Rc8 24. Nxb7 Rxc2 25. Rxc2 Nxe5 26. Nxe5 Qxb7 27.
Rce2 Qb4 28. Nxg6 Bc3 29. Ne7+ 1-0

[Event "22nd Honor to National Resistance"]
[Site "Nikaia"]
[Date "2014.08.30"]
[Round "6.30"]
[White "Christidis, Savvas"]
[Black "Kondopoulos, Dimitrios"]
[Result "1-0"]
[WhiteElo "1819"]
[BlackElo "2039"]
[PlyCount "47"]
[EventDate "2014.08.26"]

1. d4 d5 2. c4 c6 3. Nc3 e6 4. Nf3 Nf6 5. Bg5 h6 6. Bh4 g5 7. Bg3 dxc4 8. e4 b5
9. Be2 Bb7 10. O-O Nbd7 11. Ne5 Qe7 12. Qc2 a6 13. Rad1 Bg7 14. h4 gxh4 15.
Bxh4 Qd6 16. Nxd7 Qxd7 17. e5 Nd5 18. Ne4 Qc7 19. Nd6+ Kd7 20. Nxf7 c5 21. Nxh8
Rxh8 22. Qg6 Bf8 23. Qf7+ Kc8 24. Qe8+ 1-0

[Event "22nd Honor to National Resistance"]
[Site "Nikaia"]
[Date "2014.08.31"]
[Round "7.1"]
[White "Kourkoulos-Arditis, Stamatis"]
[Black "Kotronias, Vasilios"]
[Result "0-1"]
[WhiteElo "2296"]
[BlackElo "2552"]
[PlyCount "94"]
[EventDate "2014.08.26"]

1. e4 e5 2. Nf3 Nc6 3. Bb5 Nf6 4. O-O Nxe4 5. d4 Nd6 6. Bxc6 dxc6 7. dxe5 Nf5
8. Qxd8+ Kxd8 9. Rd1+ Ke8 10. Nc3 Ne7 11. Bf4 Bg4 12. Rd3 Ng6 13. Bg3 h5 14. h3
Bf5 15. Rd2 h4 16. Bh2 Rd8 17. Rxd8+ Kxd8 18. Rd1+ Kc8 19. Nd4 Rh5 20. Nce2 Bd7
21. f4 c5 22. Nf3 Bc6 23. c4 f6 24. Kf2 Rf5 25. Nxh4 Nxh4 26. g4 Nf3 27. Bg3
Nxe5 28. gxf5 Nxc4 29. b3 Nd6 30. Ke1 Nxf5 31. Bf2 Bd6 32. Rc1 b6 33. Rc3 Kd7
34. Ng3 Ne7 35. Nh5 Nd5 36. Rg3 g5 37. h4 gxf4 38. Rg6 Ke6 39. Ng7+ Kf7 40. h5
Ne7 41. Rg1 Be4 42. h6 Ng8 43. Nh5 Nxh6 44. Bh4 Bg6 45. Nxf6 Nf5 46. Bg5 Nd4
47. Kd1 Nf3 0-1

[Event "22nd Honor to National Resistance"]
[Site "Nikaia"]
[Date "2014.08.31"]
[Round "7.2"]
[White "Goumas, Georgios"]
[Black "Tsolakidou, Stavroula"]
[Result "1/2-1/2"]
[WhiteElo "2371"]
[BlackElo "2240"]
[PlyCount "81"]
[EventDate "2014.08.26"]

1. e4 c5 2. Nf3 d6 3. Bb5+ Nd7 4. O-O a6 5. Bd3 Ngf6 6. a4 b6 7. c3 Bb7 8. Qe2
Qc7 9. Na3 g6 10. Bc2 Bg7 11. d4 e5 12. dxe5 dxe5 13. Rd1 O-O 14. Nc4 Bc6 15.
Nd6 h6 16. Be3 Ne8 17. Qd2 Nxd6 18. Qxd6 Qb7 19. Bb3 Kh7 20. a5 Rad8 21. axb6
Nxb6 22. Qxc5 Nd7 23. Qb4 Bxe4 24. Qxb7 Bxb7 25. Bd5 Bxd5 26. Rxd5 Nb8 27. Rc5
Rfe8 28. Rc7 Kg8 29. h4 f5 30. Ba7 Re6 31. Rb7 Nc6 32. Rxa6 e4 33. Nh2 f4 34.
Rc7 Rd1+ 35. Nf1 e3 36. fxe3 fxe3 37. Bxe3 Rxe3 38. Raxc6 Ree1 39. Rxg6 Rxf1+
40. Kh2 Rf7 41. Rxf7 1/2-1/2

[Event "22nd Honor to National Resistance"]
[Site "Nikaia"]
[Date "2014.08.31"]
[Round "7.3"]
[White "Kapnisis, Spyridon"]
[Black "Pappelis, Dimitrios"]
[Result "1-0"]
[WhiteElo "2458"]
[BlackElo "2073"]
[PlyCount "59"]
[EventDate "2014.08.26"]

1. e4 g6 2. d4 Bg7 3. Nf3 c5 4. d5 d6 5. Nc3 Nf6 6. Bb5+ Bd7 7. a4 a6 8. Be2
Bg4 9. O-O Nbd7 10. a5 O-O 11. Bg5 Qc7 12. Nd2 Bxe2 13. Qxe2 e6 14. dxe6 fxe6
15. Nc4 Ne5 16. Nxe5 dxe5 17. Qc4 Qc6 18. Be3 Rac8 19. f3 Rfd8 20. Na4 Rd4 21.
Bxd4 exd4 22. Nb6 Rc7 23. Qa4 c4 24. Qxc6 Rxc6 25. Ra4 c3 26. bxc3 dxc3 27. Rd1
Bh6 28. Rd8+ Kg7 29. Kf2 Bf4 30. Rc4 1-0

[Event "22nd Honor to National Resistance"]
[Site "Nikaia"]
[Date "2014.08.31"]
[Round "7.4"]
[White "Delithanasis, Dimitrios"]
[Black "Papasimakopoulos, Alexandros"]
[Result "1-0"]
[WhiteElo "2095"]
[BlackElo "2270"]
[PlyCount "71"]
[EventDate "2014.08.26"]

1. d4 Nf6 2. c4 e6 3. Nc3 Bb4 4. e3 c5 5. Nge2 b6 6. a3 Ba5 7. Rb1 Na6 8. g3
cxd4 9. exd4 Bb7 10. d5 Bxc3+ 11. Nxc3 Rc8 12. Bg2 Rxc4 13. O-O O-O 14. dxe6
Bxg2 15. exf7+ Rxf7 16. Kxg2 d5 17. Qe2 Re7 18. Be3 Qc8 19. Qf3 d4 20. Nd5 Nxd5
21. Qxd5+ Kh8 22. Rbc1 Rc5 23. Qxd4 Qb7+ 24. Kg1 Rce5 25. b4 h6 26. Rfd1 Nc7
27. Bxh6 Nb5 28. Qh4 Kg8 29. Qc4+ Kh8 30. Bf4 Rf5 31. a4 g5 32. Rd8+ Kh7 33.
axb5 gxf4 34. Qg8+ Kh6 35. Rd6+ Kh5 36. Qg6# 1-0

[Event "22nd Honor to National Resistance"]
[Site "Nikaia"]
[Date "2014.08.31"]
[Round "7.5"]
[White "Sirigos, Nikolaos"]
[Black "Gkikas, Hristos"]
[Result "0-1"]
[WhiteElo "2256"]
[BlackElo "1907"]
[PlyCount "144"]
[EventDate "2014.08.26"]

1. Nf3 Nf6 2. c4 e6 3. Nc3 d5 4. e3 Be7 5. d4 O-O 6. Bd3 dxc4 7. Bxc4 c5 8. O-O
Nc6 9. a3 cxd4 10. exd4 a6 11. Bf4 b5 12. Ba2 Qb6 13. h3 Rd8 14. Be3 b4 15. Na4
Qa5 16. axb4 Nxb4 17. Bc4 Nfd5 18. Bd2 Qc7 19. Rc1 Qa7 20. Qe2 Bb7 21. Rfd1
Rac8 22. Ne5 Nc6 23. Nxc6 Rxc6 24. Ba5 Rd7 25. b3 Nf4 26. Qe5 Nxg2 27. d5 Nh4
28. dxc6 Rxd1+ 29. Rxd1 Nf3+ 30. Kf1 Nxe5 31. Bb6 Qa8 32. c7 Nc6 33. Rd7 Qe8
34. Nc5 Bxc5 35. Rd8 Nxd8 36. cxd8=Q Qxd8 37. Bxd8 Kf8 38. Ba5 Ke7 39. b4 Bd6
40. Bd3 Kf6 41. Ke2 h6 42. h4 Be7 43. f4 e5 44. b5 axb5 45. Bc3 Bd6 46. Bxb5
Kf5 47. fxe5 Bxe5 48. Be1 Kg4 49. Bd7+ f5 50. Kf1 Be4 51. Bb5 Bg3 52. Bc3 g6
53. Be8 f4 54. h5 Kxh5 55. Be5 Kg4 56. Bd7+ Kf3 57. Bb5 Ke3 58. Kg1 Bd3 59. Bc6
h5 60. Bd6 g5 61. Bc5+ Ke2 62. Be8 h4 63. Bd7 f3 64. Bg4 Be4 65. Bb6 Bf4 66.
Bd8 Be3+ 67. Kh2 Ke1 68. Ba5+ Bd2 69. Bxd2+ Kxd2 70. Bh3 f2 71. Bf1 g4 72. Bb5
g3+ 0-1